000
00315 a2200145 4500
001
153456
040
_c
Escola São Tomás de Aquino
100
_a
SCOTT, Kieran
240
1
0
_a
Confie em mim
_l
por
245
1
0
_a
Confie em mim
362
0
_a
2005
440
1
_a
Ática
697
_a
*LITERATURA JUVENIL
942
_c
BK
999
_c
153456
_d
153456